Junior Cert Business Abreviations - Statistics

General Stats
  • This quiz has been taken 24 times
  • The average score is 10 of 56
Answer Stats
Abbreviation Full Name % Correct
A.P.R Annual Percentage Rate
57%
A.E.R Annual Equivalent Rate
50%
B/D Brought Down
50%
C/D Carried Down
50%
E.U European Union
50%
A.C.B Analysed Cash Book
43%
G.D.P Gross Domestic Product
43%
G.N.P Gross National Product
43%
P.A.Y.E Pay as You Earn
43%
A.T.M Automated Teller Machine
36%
D.I.R.T Deposit Interest Retention Tax
36%
G.D.P Gross Domestic Product
36%
C.O.D Cash on Delivery
29%
F.D.I Foreign Direct Investment
29%
B.O Bank Overdraft
21%
C.G.T Capital Gains Tax
21%
C.P.I Consumer Price Index
21%
C.A.I Consumers' Association of Ireland
21%
D.D Direct Debit
21%
H.P Hire Purchase
21%
P.R.S.I Pay Related Social Insurance
21%
P.I.N Personal Identification Number
21%
V.A.T Value Added Tax
21%
W.W.W. World Wide Web
21%
C.A.T Capital Acquisitions Tax
14%
C.F.F Cash Flow Forecast
14%
E.P.A Environmental Protection Agency
14%
G.L General Ledger
14%
U.S.C Universal Social Charge
14%
C.T Credit Transfer
7%
E.&O.E Errors and Omissions Expected
7%
I.T Information Technology
7%
L.P.T Local Property Tax
7%
M.E.P Member of the European Parliament
7%
M.A.B.S Money Advice and Budgeting Service
7%
R&D Research and Development
7%
R.O.C.E Return on Capital Employed
7%
S.E.M Single European Market
7%
S.W.O.T Strengths Weaknesses Opportunities Threats
7%
W.C Working Capital
7%
W.R.C Workplace Relations Commission
7%
W.T.O World Trade Organisation
7%
C.A.P Compound Annual Rate
0%
C.W.O Credit With Order
0%
E.C.B European Central Bank
0%
I.D.A Industrial Development Agency
0%
I.C.T Information and Communications Technology
0%
M.R Market Research
0%
N.P Net Profit
0%
P.L.C Private Limited Company
0%
P.R Public Relations
0%
S.M.A.R.T Specific Measurable Agreed Realistic Timed
0%
S.R.C.O.P Standard Rate Cut Off Point
0%
S.O.F.P Statement of Financial Position
0%
T.N.C/M.N.C Transnational Company/Multinational Company
0%
U.S.P Unique Selling Point
0%
No matching quizzes found
Score Distribution
Percent of People with Each Score
Percentile by Number Answered
Your Score History
You have not taken this quiz